[Event "FIDE World Bl Team Pool D"]
[Site "London ENG"]
[Date "2025.06.14"]
[Round "8.4"]
[White "Skytte, Robert"]
[Black "Ruck, Robert"]
[Result "0-1"]
[WhiteTitle "CM"]
[BlackTitle "GM"]
[WhiteElo "2015"]
[BlackElo "2515"]
[WhiteTeam "Danish Futures"]
[BlackTeam "Team Hungary"]
[WhiteFideId "1471775"]
[BlackFideId "705713"]
[EventDate "2025.06.14"]
[EventType "team"]

1. e4 c6 2. d4 d5 3. Nd2 dxe4 4. Nxe4 Bf5 5. Ng3 Bg6 6. h4 h6 7. Nh3 Nf6 8. Nf4
Bh7 9. Bc4 e6 10. O-O Bd6 11. Re1 O-O 12. Ngh5 Nxh5 13. Nxh5 Bf5 14. Bf4 Bxf4
15. Nxf4 Qxh4 16. Qf3 Nd7 17. Rad1 Bg4 18. Qe3 Bxd1 19. Rxd1 Nb6 20. Bd3 Nd5 21.
Qe4 Nf6 22. Qe5 Qg5 23. Qe3 Rad8 24. Bc4 Nd5 25. Nxd5 exd5 26. Bd3 Qxe3 27. fxe3
Rfe8 28. Kf2 Rd6 29. g4 Rf6+ 30. Ke2 Rfe6 31. e4 dxe4 32. Bc4 Rf6 33. d5 cxd5
34. Rxd5 Re7 35. Rd8+ Kh7 36. a4 g6 37. Rd4 e3 38. Rd1 Rf2+ 39. Kd3 e2 40. Re1
Rf4 41. b3 Rxg4 42. Rxe2 Rxe2 43. Kxe2 h5 0-1

[Event "FIDE World Bl Team Pool D"]
[Site "London ENG"]
[Date "2025.06.14"]
[Round "8.5"]
[White "Gaal, Zsoka"]
[Black "Derlich, Sarah Sima"]
[Result "1-0"]
[WhiteTitle "WGM"]
[BlackTitle "WCM"]
[WhiteElo "2391"]
[BlackElo "1926"]
[WhiteTeam "Team Hungary"]
[BlackTeam "Danish Futures"]
[WhiteFideId "777765"]
[BlackFideId "1469290"]
[EventDate "2025.06.14"]
[EventType "team"]

1. Nf3 d5 2. g3 e6 3. Bg2 Nf6 4. O-O Bd6 5. d4 O-O 6. c4 Nc6 7. Nc3 dxc4 8. e4
e5 9. d5 Na5 10. Be3 c6 11. Qc2 Re8 12. Rfd1 Qe7 13. Qa4 Bb4 14. d6 Bxd6 15.
Qxa5 b5 16. Rxd6 Qxd6 17. Rd1 Qe7 18. a4 b4 19. Bc5 Qb7 20. Qxb4 Qxb4 21. Bxb4
Bg4 22. h3 Bxf3 23. Bxf3 Rab8 24. Ba3 Red8 25. Rxd8+ Rxd8 26. Be2 Rd4 27. f3 Nd7
28. Kf2 f6 29. Ke3 a5 30. Nb1 Kf7 31. Nd2 c5 32. Nxc4 Ke7 33. b3 Kd8 34. Nxa5
Kc7 35. Nc4 Nb6 36. Bxc5 Nxc4+ 37. Bxc4 Rd1 38. a5 Re1+ 39. Kf2 Rc1 40. Bb6+ Kb7
41. Bd5+ Ka6 42. b4 Rc2+ 43. Ke3 Rc3+ 44. Ke2 Rc2+ 45. Kd3 Rb2 46. Bc4+ Kb7 47.
b5 Rg2 48. Bd5+ Kb8 49. a6 Rxg3 50. a7+ 1-0

[Event "FIDE World Bl Team Pool D"]
[Site "London ENG"]
[Date "2025.06.14"]
[Round "8.6"]
[White "Andries, Leia"]
[Black "Marton-John, Almos Kiran"]
[Result "1/2-1/2"]
[WhiteElo "1830"]
[BlackElo "1987"]
[WhiteTeam "Danish Futures"]
[BlackTeam "Team Hungary"]
[WhiteFideId "1469207"]
[BlackFideId "17013135"]
[EventDate "2025.06.14"]
[EventType "team"]

1. e4 e5 2. Nf3 Nc6 3. d4 exd4 4. Nxd4 Bc5 5. Nb3 Bb6 6. Nc3 Nf6 7. Qe2 d6 8.
Be3 Be6 9. O-O-O Qe7 10. g3 O-O-O 11. Bg2 Kb8 12. Rhe1 Rhe8 13. h3 Nd7 14. f4
Bxe3+ 15. Qxe3 Nb6 16. Nd4 Nxd4 17. Qxd4 f6 18. Qf2 Qf7 19. Kb1 Bd7 20. Nd5 Bc6
21. Nxb6 axb6 22. Rd4 Re7 23. Qf1 Rde8 24. a3 Qg6 25. Qd3 f5 26. Ka2 fxe4 27.
Qe3 Qe6+ 28. b3 Qg6 29. Kb2 Qe6 30. Ka2 d5 31. Kb2 h5 32. Red1 Rd8 33. a4 Be8
34. Rxe4 Qf6+ 35. Re5 Rxe5 36. fxe5 Qe6 37. c4 Bc6 38. cxd5 Bxd5 39. Qd4 c6 40.
Qf4 Re8 41. Bxd5 cxd5 42. Re1 g6 43. Qd4 Kc7 44. Rc1+ Kb8 45. Re1 Kc7 46. h4 Kb8
47. Qb4 Ka7 48. a5 bxa5 49. Qxa5+ Kb8 50. Qc5 Qc6 51. Qd4 Qe6 52. Qf4 Kc7 53.
Qg5 Kb8 54. Qf4 Qc6 55. e6+ Ka7 56. Qd4+ Kb8 57. Qe5+ Ka7 58. e7 Qd7 59. Qd4+
Kb8 60. Qf4+ Ka7 61. Qf8 d4 62. Qf2 Rxe7 63. Rxe7 Qxe7 64. Qxd4+ b6 65. Qa4+ Kb7
66. Qd4 Qe2+ 67. Ka3 Qa6+ 68. Kb2 Qe2+ 69. Kc3 Qf3+ 70. Kb2 Qxg3 71. Qe4+ Kc7
72. Qc4+ Kb8 73. Qg8+ Ka7 74. Qf7+ Ka6 75. Qc4+ b5 76. Qc6+ Ka7 77. Qd7+ Kb6 78.
Qd8+ Kc6 79. Qf6+ Kd5 80. Qd8+ Ke4 81. Qe7+ Kf3 82. Qb7+ Kf2 83. Qb6+ Kg2 84.
Qc6+ Kh2 85. Qxb5 Qxh4 86. Qe2+ Kh3 87. Qe6+ Qg4 88. Qe3+ Qg3 89. Qe6+ Kh2 90.
b4 h4 91. b5 h3 92. b6 Qg2+ 93. Ka3 Qg3+ 94. Ka4 Qf4+ 95. Ka5 Qd2+ 96. Kb5 Qb2+
97. Ka5 Qa1+ 98. Kb5 Qb1+ 99. Ka5 Qa1+ 100. Kb5 Qb2+ 101. Ka5 Qc2 102. b7 Qc3+
103. Ka6 Qa3+ 104. Kb6 Qb2+ 105. Kc7 Qc3+ 106. Kd8 Qd4+ 107. Qd7 Qb6+ 108. Qc7+
Qxc7+ 109. Kxc7 Kg2 110. b8=Q h2 111. Qb2+ Kg1 112. Qd4+ Kg2 113. Qd3 Kg1 114.
Qxg6+ Kh1 115. Qe4+ Kg1 116. Qg4+ Kh1 1/2-1/2

[Event "FIDE World Bl Team Pool D"]
[Site "London ENG"]
[Date "2025.06.14"]
[Round "8.1"]
[White "Sagalchik, Gennadij"]
[Black "Erigaisi, Arjun"]
[Result "0-1"]
[WhiteTitle "GM"]
[BlackTitle "GM"]
[WhiteElo "2434"]
[BlackElo "2782"]
[WhiteTeam "Perfect"]
[BlackTeam "Team MGD1"]
[WhiteFideId "2007916"]
[BlackFideId "35009192"]
[EventDate "2025.06.14"]
[EventType "team"]

1. d4 e6 2. c4 c5 3. d5 exd5 4. cxd5 d6 5. Nc3 g6 6. e4 Bg7 7. Bd3 a6 8. a4 Ne7
9. Nge2 O-O 10. O-O Nd7 11. f4 f5 12. e5 dxe5 13. d6 Nc6 14. Bc4+ Kh8 15. Nd5 e4
16. Nc7 Nb6 17. Nxa8 Nxc4 18. Nc7 Nxd6 19. Nd5 Be6 20. Nec3 Nc4 21. Kh1 Bd4 22.
b3 N4a5 23. b4 cxb4 24. Be3 Bxe3 25. Nxe3 bxc3 26. Qe1 Qd2 27. Qg3 c2 28. Rac1
Nd4 29. Rfe1 Nab3 30. Nxc2 0-1

[Event "FIDE World Bl Team Pool D"]
[Site "London ENG"]
[Date "2025.06.14"]
[Round "8.2"]
[White "Anton Guijarro, David"]
[Black "Atlas, Valery"]
[Result "1/2-1/2"]
[WhiteTitle "GM"]
[BlackTitle "IM"]
[WhiteElo "2642"]
[BlackElo "2401"]
[WhiteTeam "Team MGD1"]
[BlackTeam "Perfect"]
[WhiteFideId "2285525"]
[BlackFideId "12000035"]
[EventDate "2025.06.14"]
[EventType "team"]

1. Nf3 c5 2. c4 Nf6 3. Nc3 d6 4. d4 cxd4 5. Nxd4 e6 6. e4 b6 7. Be2 Bb7 8. f3
Be7 9. Be3 O-O 10. O-O a6 11. Qd2 Qc7 12. Rac1 Nbd7 13. b3 Rac8 14. Kh1 Qb8 15.
Rfd1 Bd8 16. Bf1 Bc7 17. Nde2 Rfe8 18. Bf4 Ne5 19. Bg5 Nfd7 20. h3 Ng6 21. Be3
Rcd8 22. f4 Nc5 23. Ng3 Qa8 24. Qc2 d5 25. cxd5 exd5 26. b4 d4 27. Bxd4 Ne6 1/2-1/2

[Event "FIDE World Bl Team Pool D"]
[Site "London ENG"]
[Date "2025.06.14"]
[Round "8.3"]
[White "Slavin, Gennadie"]
[Black "Pranav, V"]
[Result "0-1"]
[BlackTitle "GM"]
[WhiteElo "2207"]
[BlackElo "2595"]
[WhiteTeam "Perfect"]
[BlackTeam "Team MGD1"]
[WhiteFideId "4104870"]
[BlackFideId "25060783"]
[EventDate "2025.06.14"]
[EventType "team"]

1. e4 e5 2. Nc3 Nf6 3. Bc4 Nc6 4. d3 Bb4 5. Ne2 d5 6. exd5 Nxd5 7. O-O Be6 8.
Ne4 Be7 9. Bb3 O-O 10. f4 Bg4 11. h3 Bxe2 12. Qxe2 Nd4 13. Qf2 Nxf4 14. Bxf4
exf4 15. Rae1 Bh4 16. g3 fxg3 17. Qg2 Nxb3 18. axb3 f5 19. Nxg3 f4 20. Ne4 Bxe1
21. Rxe1 f3 22. Qf2 Qd7 23. Kh2 Rae8 24. Rg1 Re6 25. Rg3 Qf7 26. Ng5 Re2 0-1

[Event "FIDE World Bl Team Pool D"]
[Site "London ENG"]
[Date "2025.06.14"]
[Round "8.4"]
[White "Mendonca, Leon Luke"]
[Black "Arakhamia-Grant, Ketevan"]
[Result "1/2-1/2"]
[WhiteTitle "GM"]
[BlackTitle "GM"]
[WhiteElo "2603"]
[BlackElo "2269"]
[WhiteTeam "Team MGD1"]
[BlackTeam "Perfect"]
[WhiteFideId "35028561"]
[BlackFideId "13600168"]
[EventDate "2025.06.14"]
[EventType "team"]

1. Nf3 Nf6 2. c4 c5 3. b3 g6 4. Bb2 Bg7 5. g3 O-O 6. Bg2 Nc6 7. O-O d6 8. e3 e5
9. d3 h6 10. Nc3 Be6 11. a3 Qd7 12. Rc1 Bh3 13. Nd2 Bxg2 14. Kxg2 d5 15. e4 dxe4
16. dxe4 Nd4 17. Nd5 Nh5 18. b4 b6 19. Bxd4 exd4 20. Re1 Rfe8 21. Qf3 Rac8 22.
Qd3 Nf6 23. Nf3 Re6 24. bxc5 bxc5 25. Rb1 Rce8 26. Nxf6+ Bxf6 27. Rb5 Qc6 28.
Nd2 Bg5 29. f4 Bd8 30. Qf3 a6 31. Rb3 Ba5 32. Rb2 Bxd2 33. Rxd2 Rxe4 34. Rxe4
Qxe4 35. Qxe4 Rxe4 36. Kf2 Re3 37. Rb2 Rc3 38. Rb6 Rxc4 39. Rxa6 Rc2+ 40. Ke1 c4
41. Rc6 d3 42. h4 c3 43. Kd1 Rd2+ 44. Kc1 Rc2+ 45. Kd1 Rd2+ 46. Kc1 Rc2+ 47. Kd1
Kg7 48. a4 Rd2+ 49. Kc1 Rc2+ 50. Kd1 h5 51. a5 Rd2+ 52. Kc1 Rc2+ 53. Kd1 Rd2+ 1/2-1/2

[Event "FIDE World Bl Team Pool D"]
[Site "London ENG"]
[Date "2025.06.14"]
[Round "8.5"]
[White "Atlas, Dmitry"]
[Black "Tsolakidou, Stavroula"]
[Result "0-1"]
[WhiteTitle "FM"]
[BlackTitle "IM"]
[WhiteElo "2107"]
[BlackElo "2428"]
[WhiteTeam "Perfect"]
[BlackTeam "Team MGD1"]
[WhiteFideId "12000051"]
[BlackFideId "4264312"]
[EventDate "2025.06.14"]
[EventType "team"]

1. e4 c5 2. c3 d5 3. exd5 Qxd5 4. d4 Nc6 5. Nf3 Bf5 6. Na3 cxd4 7. Nb5 O-O-O 8.
Nbxd4 e5 9. Bg5 exd4 10. Bxd8 Qxd8 11. Nxd4 Nxd4 12. Qxd4 Qxd4 13. cxd4 Bb4+ 14.
Ke2 Nf6 15. Rc1+ Kb8 16. f3 Re8+ 17. Kd1 0-1

[Event "FIDE World Bl Team Pool D"]
[Site "London ENG"]
[Date "2025.06.14"]
[Round "8.1"]
[White "Kawuma, Patrick"]
[Black "Grahn, Vidar"]
[Result "0-1"]
[WhiteTitle "FM"]
[BlackTitle "FM"]
[WhiteElo "2231"]
[BlackElo "2239"]
[WhiteTeam "Equity Bank, Kenya"]
[BlackTeam "Uppsala SSS"]
[WhiteFideId "10000127"]
[BlackFideId "1744780"]
[EventDate "2025.06.14"]
[EventType "team"]

1. c4 e6 2. g3 d5 3. Nf3 Nf6 4. Bg2 Be7 5. O-O O-O 6. b3 c6 7. Bb2 Nbd7 8. d3 b6
9. Nbd2 Bb7 10. e4 Nc5 11. Qe2 dxe4 12. dxe4 Qd3 13. Rfe1 Rfd8 14. e5 Nfd7 15.
Ba3 0-1

[Event "FIDE World Bl Team Pool D"]
[Site "London ENG"]
[Date "2025.06.14"]
[Round "8.2"]
[White "Frank, Anton"]
[Black "Gurevich, Artjom"]
[Result "1-0"]
[WhiteTitle "CM"]
[WhiteElo "2183"]
[BlackElo "2183"]
[WhiteTeam "Uppsala SSS"]
[BlackTeam "Equity Bank, Kenya"]
[WhiteFideId "1752383"]
[BlackFideId "2603870"]
[EventDate "2025.06.14"]
[EventType "team"]

1. e4 d5 2. exd5 Nf6 3. Nf3 Nxd5 4. d4 Bg4 5. c4 Nb6 6. c5 N6d7 7. Qb3 Nc6 8.
Bc4 e6 9. Be3 Na5 10. Qa4 Nxc4 11. Qxc4 Bxf3 12. gxf3 Be7 13. Nc3 O-O 14. O-O-O
Nf6 15. Rhg1 g6 16. h4 h5 17. d5 Qc8 18. dxe6 Qxe6 19. Rxg6+ Kh8 20. Rh6+ Nh7
21. Rxe6 fxe6 22. Qxe6 Bf6 23. Bd4 Rae8 24. Bxf6+ Nxf6 25. Qf5 1-0

[Event "FIDE World Bl Team Pool D"]
[Site "London ENG"]
[Date "2025.06.14"]
[Round "8.3"]
[White "Andiwoh, Moses"]
[Black "Strom-Engdahl, Alexander"]
[Result "0-1"]
[BlackTitle "FM"]
[WhiteElo "1796"]
[BlackElo "2320"]
[WhiteTeam "Equity Bank, Kenya"]
[BlackTeam "Uppsala SSS"]
[WhiteFideId "10801502"]
[BlackFideId "1741586"]
[EventDate "2025.06.14"]
[EventType "team"]

1. e4 c5 2. Nf3 Nc6 3. Bb5 Nf6 4. e5 Nd5 5. O-O g6 6. d4 cxd4 7. Bxc6 dxc6 8.
Qxd4 Qb6 9. e6 f6 10. Re1 Qxd4 11. Nxd4 Bg7 12. c4 Nb4 13. Na3 Nd3 14. Re3 Nxc1
15. Rxc1 Bh6 16. Rce1 Bxe3 17. Rxe3 O-O 18. f4 Rd8 19. Nf3 Rd6 20. g4 Bxe6 21.
h3 Kf7 22. Nc2 c5 23. b3 Rd1+ 24. Kf2 Bd7 25. Nce1 Bc6 26. f5 Rad8 27. fxg6+
hxg6 28. h4 Ra1 29. Re2 Bxf3 30. Nxf3 Rdd1 31. h5 gxh5 0-1

[Event "FIDE World Bl Team Pool D"]
[Site "London ENG"]
[Date "2025.06.14"]
[Round "8.4"]
[White "Nilsson, Oliver"]
[Black "Kuka Kyle"]
[Result "1-0"]
[WhiteElo "2129"]
[BlackElo "1892"]
[WhiteTeam "Uppsala SSS"]
[BlackTeam "Equity Bank, Kenya"]
[WhiteFideId "1730177"]
[BlackFideId "10831533"]
[EventDate "2025.06.14"]
[EventType "team"]

1. e4 c6 2. d4 d5 3. Nc3 dxe4 4. Nxe4 Nf6 5. Nxf6+ exf6 6. Be3 Bd6 7. Bd3 O-O 8.
Ne2 Re8 9. c4 Nd7 10. Qc2 Nf8 11. O-O h5 12. Rad1 Bc7 13. Rfe1 Qd6 14. Bf4 Rxe2
15. Bxd6 Rxc2 16. Bxc7 Rxb2 17. Re8 b6 18. Bd6 Bb7 19. Rde1 Rd2 20. Bf1 Rxd4 21.
Bxf8 Rxe8 22. Rxe8 Rd1 23. f3 Ba6 24. Kf2 Rd2+ 25. Kg3 Rxa2 26. Bd3 g6 27. Bd6+
Kg7 28. Re7 Rd2 29. Re3 Bxc4 30. Bxc4 Rxd6 31. Re7 b5 32. Rxf7+ Kh6 33. Bb3 a5
34. Bc2 Rd2 35. Be4 c5 36. Rxf6 Rd4 37. Rxg6+ Kh7 38. Rg5+ Kh8 39. Rxh5+ Kg7 40.
Rxc5 1-0

[Event "FIDE World Bl Team Pool D"]
[Site "London ENG"]
[Date "2025.06.14"]
[Round "8.5"]
[White "Mutisya, Jully"]
[Black "Ostensson, Julia"]
[Result "1-0"]
[WhiteTitle "WCM"]
[WhiteElo "1822"]
[BlackElo "1996"]
[WhiteTeam "Equity Bank, Kenya"]
[BlackTeam "Uppsala SSS"]
[WhiteFideId "10814922"]
[BlackFideId "1747703"]
[EventDate "2025.06.14"]
[EventType "team"]

1. d4 Nf6 2. Nf3 g6 3. Nc3 d5 4. Bf4 Bg7 5. e3 O-O 6. h4 h5 7. Ne5 Bf5 8. Be2 c5
9. Qd2 Nc6 10. a3 cxd4 11. exd4 Qb6 12. Be3 Rfd8 13. b4 Qc7 14. Nb5 Qb8 15. Bf4
Nxe5 16. Bxe5 Qc8 17. Nc7 Rb8 18. Nb5 Ne4 19. Qf4 Bxe5 20. dxe5 Qxc2 21. Rc1 Qb3
22. O-O d4 23. Rfd1 d3 24. Bf3 a6 25. Bxe4 Bxe4 26. Qxe4 axb5 27. Rd2 Qxa3 28.
Rcd1 Rbc8 29. Rxd3 Rxd3 30. Rxd3 Qa1+ 31. Kh2 Rc1 32. Rd8+ Kg7 33. Rd7 Rh1+ 34.
Kg3 Qa3+ 35. Rd3 Qb2 36. Qf4 Re1 37. Rf3 Qxe5 1-0

[Event "FIDE World Bl Team Pool D"]
[Site "London ENG"]
[Date "2025.06.14"]
[Round "8.6"]
[White "Morell, Edvin"]
[Black "Ongono, Victor"]
[Result "1-0"]
[WhiteElo "1944"]
[BlackElo "1560"]
[WhiteTeam "Uppsala SSS"]
[BlackTeam "Equity Bank, Kenya"]
[WhiteFideId "1722050"]
[BlackFideId "10805214"]
[EventDate "2025.06.14"]
[EventType "team"]

1. e4 d5 2. exd5 Qxd5 3. d4 Nf6 4. Nf3 Bf5 5. c4 Qd7 6. Ne5 Qd8 7. Be2 e6 8. Bf3
Be4 9. Bxe4 Nxe4 10. Qf3 f5 11. O-O Nd7 12. Qh5+ g6 13. Nxg6 Nef6 14. Qh4 Rg8
15. Nxf8 Rxf8 16. Nc3 Qe7 17. d5 e5 18. Nb5 O-O-O 19. Nxa7+ Kb8 20. Nb5 Qg7 21.
Qh3 f4 22. Qa3 1-0

[Event "FIDE World Bl Team Pool D"]
[Site "London ENG"]
[Date "2025.06.14"]
[Round "9.1"]
[White "Grahn, Vidar"]
[Black "Rapport, Richard"]
[Result "0-1"]
[WhiteTitle "FM"]
[BlackTitle "GM"]
[WhiteElo "2239"]
[BlackElo "2714"]
[WhiteTeam "Uppsala SSS"]
[BlackTeam "KazChess"]
[WhiteFideId "1744780"]
[BlackFideId "738590"]
[EventDate "2025.06.14"]
[EventType "team"]

1. d4 Nf6 2. c4 g6 3. Nc3 Bg7 4. e4 d6 5. Be2 O-O 6. Be3 Na6 7. h4 h5 8. f3 c5
9. d5 Nc7 10. Nh3 Bxh3 11. Rxh3 a6 12. g4 Qc8 13. Rg3 b5 14. Bg5 hxg4 15. Bxf6
exf6 16. h5 f5 17. fxg4 f4 18. Rg1 bxc4 19. Bxc4 Rb8 20. Qd2 Bd4 21. Qxf4 Rxb2
22. Nd1 Qb7 23. a3 Qb6 24. Kf1 Rc2 25. Bd3 Qb3 26. Bxc2 Qxc2 27. h6 Bxa1 28. h7+
Kh8 29. Ne3 Qd3+ 30. Kg2 Be5 31. Qf3 Qd2+ 32. Kf1 Rb8 0-1

[Event "FIDE World Bl Team Pool D"]
[Site "London ENG"]
[Date "2025.06.14"]
[Round "9.2"]
[White "Esipenko, Andrey"]
[Black "Frank, Anton"]
[Result "1-0"]
[WhiteTitle "GM"]
[BlackTitle "CM"]
[WhiteElo "2689"]
[BlackElo "2183"]
[WhiteTeam "KazChess"]
[BlackTeam "Uppsala SSS"]
[WhiteFideId "24175439"]
[BlackFideId "1752383"]
[EventDate "2025.06.14"]
[EventType "team"]

1. d4 Nf6 2. Nf3 d5 3. g3 c5 4. Bg2 cxd4 5. O-O h6 6. Bf4 g6 7. Nxd4 Bg7 8. Nc3
O-O 9. Ndb5 Na6 10. Nxd5 Nxd5 11. Bxd5 g5 12. Be3 Bxb2 13. Rb1 Bg7 14. c4 Nc7
15. Bxf7+ Kxf7 16. Qxd8 Rxd8 17. Nxc7 Bh3 18. Nxa8 Bxf1 19. Kxf1 Rxa8 20. Rxb7
a5 21. a4 Rc8 22. Rb5 Rxc4 23. Rxa5 Rc2 24. Ra8 Ra2 25. a5 Ra1+ 26. Kg2 Ra2 27.
a6 Rxe2 28. a7 Ra2 29. Rc8 1-0

[Event "FIDE World Bl Team Pool D"]
[Site "London ENG"]
[Date "2025.06.14"]
[Round "9.3"]
[White "Strom-Engdahl, Alexander"]
[Black "Sadvakasov, Darmen"]
[Result "0-1"]
[WhiteTitle "FM"]
[BlackTitle "GM"]
[WhiteElo "2320"]
[BlackElo "2629"]
[WhiteTeam "Uppsala SSS"]
[BlackTeam "KazChess"]
[WhiteFideId "1741586"]
[BlackFideId "13700464"]
[EventDate "2025.06.14"]
[EventType "team"]

1. d4 Nf6 2. Nf3 e6 3. Bf4 b6 4. e3 Bb7 5. h3 g6 6. Bd3 Bg7 7. O-O d6 8. a4 a6
9. Nbd2 Nbd7 10. Bh2 Qe7 11. c3 e5 12. e4 O-O 13. Re1 h6 14. Qc2 Nh7 15. a5 b5
16. dxe5 dxe5 17. b4 c5 18. bxc5 Nxc5 19. Bf1 Rac8 20. Rab1 Rfd8 21. c4 Ng5 22.
Nxg5 hxg5 23. Nf3 Ne6 24. Qb2 Nd4 25. Nxd4 Rxd4 26. cxb5 Bxe4 27. Ra1 Rc2 28.
Qb3 Rb4 29. Qa3 Qc5 30. bxa6 Qxf2+ 31. Kh1 Bxg2+ 0-1

[Event "FIDE World Bl Team Pool D"]
[Site "London ENG"]
[Date "2025.06.14"]
[Round "9.4"]
[White "Ansat, Aldiyar"]
[Black "Nilsson, Oliver"]
[Result "1-0"]
[WhiteTitle "IM"]
[WhiteElo "2489"]
[BlackElo "2129"]
[WhiteTeam "KazChess"]
[BlackTeam "Uppsala SSS"]
[WhiteFideId "13715658"]
[BlackFideId "1730177"]
[EventDate "2025.06.14"]
[EventType "team"]

1. e4 c5 2. Nf3 d6 3. d4 cxd4 4. Nxd4 Nf6 5. Bd3 Nc6 6. Be3 e5 7. Nxc6 bxc6 8.
O-O Be6 9. c4 Be7 10. Nc3 O-O 11. Rc1 Kh8 12. Qe2 Ng4 13. Bd2 Rb8 14. b3 Bg5 15.
h3 Nh6 16. Bxg5 Qxg5 17. Qe3 Qe7 18. f4 exf4 19. Qxf4 f5 20. Rce1 fxe4 21. Qxe4
Rxf1+ 22. Rxf1 g6 23. Re1 Re8 24. Qxc6 Qf7 25. Qxd6 Bf5 26. Rxe8+ Qxe8 27. Qd4+
Kg8 28. Nd5 1-0

[Event "FIDE World Bl Team Pool D"]
[Site "London ENG"]
[Date "2025.06.14"]
[Round "9.5"]
[White "Ostensson, Julia"]
[Black "Kaliakhmet, Elnaz"]
[Result "0-1"]
[BlackTitle "WFM"]
[WhiteElo "1996"]
[BlackElo "2218"]
[WhiteTeam "Uppsala SSS"]
[BlackTeam "KazChess"]
[WhiteFideId "1747703"]
[BlackFideId "13730169"]
[EventDate "2025.06.14"]
[EventType "team"]

1. d4 d5 2. c4 e6 3. Nf3 a6 4. cxd5 exd5 5. Nc3 Nf6 6. Bg5 Be6 7. e3 Nbd7 8. Bd3
Bd6 9. O-O c6 10. Bf4 Qc7 11. Bxd6 Qxd6 12. Qb3 Qc7 13. Qc2 O-O 14. h3 Rfe8 15.
Rab1 h6 16. b4 b5 17. Nd2 Nb6 18. Nb3 Nc4 19. Ra1 Qd6 20. Nc5 a5 21. a3 Ra7 22.
Bxc4 dxc4 23. Rfd1 Nd7 24. N3e4 Qe7 25. Nxd7 Bxd7 26. Nc5 Rea8 27. Rab1 Be6 28.
e4 axb4 29. axb4 Ra2 30. Rb2 Rxb2 31. Qxb2 Qf6 32. Qd2 Qg6 33. Kh1 Rd8 34. Qf4
Qh5 35. f3 Qg6 36. Qc7 Qf6 37. Qxc6 Rxd4 38. Rxd4 Qxd4 39. Qe8+ Kh7 40. Nxe6
Qa1+ 41. Kh2 Qe5+ 42. Kg1 fxe6 0-1

[Event "FIDE World Bl Team Pool D"]
[Site "London ENG"]
[Date "2025.06.14"]
[Round "9.6"]
[White "Aiten, Islam"]
[Black "Letoret, Tim"]
[Result "1-0"]
[WhiteElo "1950"]
[BlackElo "1907"]
[WhiteTeam "KazChess"]
[BlackTeam "Uppsala SSS"]
[WhiteFideId "13749420"]
[BlackFideId "269638"]
[EventDate "2025.06.14"]
[EventType "team"]

1. d4 Nf6 2. Nc3 d5 3. Bf4 e6 4. Nb5 Bb4+ 5. c3 Ba5 6. a4 a6 7. Na3 O-O 8. b4
Bb6 9. a5 Ba7 10. e3 Nbd7 11. Nf3 Ne4 12. Qc2 Ndf6 13. Bd3 b6 14. axb6 cxb6 15.
Ne5 Bb7 16. f3 Nd6 17. g4 Nd7 18. Bxh7+ Kh8 19. Bd3 Nxe5 20. Bxe5 Rc8 21. Qg2
Qh4+ 22. Bg3 Qh6 23. g5 Qxg5 24. Qh3+ Qh6 25. Qxh6+ gxh6 26. Bxd6 Rfd8 27. Be5+
Kg8 28. Kd2 b5 29. Bf6 Rd7 30. Rag1+ Kf8 31. Bh7 Rdc7 32. Rg8# 1-0

[Event "FIDE World Bl Team Pool D"]
[Site "London ENG"]
[Date "2025.06.14"]
[Round "9.2"]
[White "Gurevich, Artjom"]
[Black "Anton Guijarro, David"]
[Result "0-1"]
[BlackTitle "GM"]
[WhiteElo "2183"]
[BlackElo "2642"]
[WhiteTeam "Equity Bank, Kenya"]
[BlackTeam "Team MGD1"]
[WhiteFideId "2603870"]
[BlackFideId "2285525"]
[EventDate "2025.06.14"]
[EventType "team"]

1. d4 d5 2. Nf3 e6 3. c4 c6 4. g3 dxc4 5. Bg2 b5 6. O-O Bb7 7. a4 Nd7 8. b3 cxb3
9. Qxb3 b4 10. a5 c5 11. dxc5 Bxc5 12. Bd2 Qe7 13. Nc3 bxc3 14. Qxb7 Rb8 15. Qc7
cxd2 16. Ne5 Bd6 17. Qxa7 Bxe5 18. Bc6 Qd6 0-1

[Event "FIDE World Bl Team Pool D"]
[Site "London ENG"]
[Date "2025.06.14"]
[Round "9.3"]
[White "Mendonca, Leon Luke"]
[Black "Andiwoh, Moses"]
[Result "1-0"]
[WhiteTitle "GM"]
[WhiteElo "2603"]
[BlackElo "1796"]
[WhiteTeam "Team MGD1"]
[BlackTeam "Equity Bank, Kenya"]
[WhiteFideId "35028561"]
[BlackFideId "10801502"]
[EventDate "2025.06.14"]
[EventType "team"]

1. d4 d5 2. Nf3 Nf6 3. c4 e6 4. Nc3 c6 5. e3 Bd6 6. b3 O-O 7. Bb2 Nbd7 8. Bd3
dxc4 9. bxc4 e5 10. O-O Re8 11. Qc2 Qe7 12. Be2 exd4 13. exd4 Nf8 14. Rae1 Bg4
15. Bd3 Qc7 16. Ne5 Bxe5 17. dxe5 Rxe5 18. Nb5 Rxb5 19. cxb5 Ng6 20. bxc6 bxc6
21. Bxf6 gxf6 22. Be4 Rc8 23. Bf5 Bxf5 24. Qxf5 Kg7 25. Re4 c5 26. h4 c4 27. h5
Ne5 28. h6+ Kf8 29. Qxf6 Ng6 30. Qg7# 1-0

[Event "FIDE World Bl Team Pool D"]
[Site "London ENG"]
[Date "2025.06.14"]
[Round "9.4"]
[White "Kuka Kyle"]
[Black "Narayanan, Srinath"]
[Result "0-1"]
[BlackTitle "GM"]
[WhiteElo "1892"]
[BlackElo "2516"]
[WhiteTeam "Equity Bank, Kenya"]
[BlackTeam "Team MGD1"]
[WhiteFideId "10831533"]
[BlackFideId "5018420"]
[EventDate "2025.06.14"]
[EventType "team"]

1. e4 c5 2. c3 Nf6 3. e5 Nd5 4. Nf3 g6 5. d4 cxd4 6. cxd4 Bg7 7. Nc3 Nxc3 8.
bxc3 O-O 9. Be2 d6 10. exd6 Qxd6 11. O-O Nc6 12. Be3 Bf5 13. Rc1 Rac8 14. Qd2
Rfd8 15. Rfd1 a6 16. c4 Bg4 17. d5 Bxf3 18. Bxf3 Ne5 19. Be2 Nd7 20. Qa5 Qc7 21.
Qxc7 Rxc7 22. c5 Nf6 23. d6 exd6 24. cxd6 Rxc1 25. Bxc1 Ne4 26. Bf3 Nxd6 27. Bf4
Bf8 28. Bxd6 Bxd6 29. Bxb7 Bxh2+ 30. Kxh2 Rxd1 31. Bxa6 Rd2 32. Bc4 Rxf2 33. Kg3
Rc2 34. Bb3 Rc5 35. Kf3 Kf8 36. Ke3 Ke7 37. Kd4 Rg5 38. Bd5 Kd6 39. Bf3 Ra5 0-1